| 000 | 01570cam a22003614i 4500 | ||
|---|---|---|---|
| 999 |
_c63614 _d63614 |
||
| 001 | 768714001 | ||
| 003 | CO-MdFUSB | ||
| 005 | 20200414212123.0 | ||
| 007 | cr cn||||||||| | ||
| 008 | 201002t2009 sp ||||gs|||||||||||spa d | ||
| 020 |
_a9788481699692 _qelectrónico |
||
| 040 |
_aCO-MdFUSBC _bspa _cCO-MdFUSB _dCO-MdFUSBC _erda |
||
| 041 | _aspa | ||
| 082 | 0 | 4 |
_a291.8 _222 |
| 100 | 1 |
_aJunco Garza, Carlos. _eautor |
|
| 245 | 1 | 3 |
_aLa Biblia : _blibro sagrado _c/ Junco Garza, Carlos. _h[recurso electrónico] |
| 264 | 1 |
_aEspaña : _bVerbo Divino, _c[2009] |
|
| 264 | 4 | _c© 2009 | |
| 300 |
_arecurso en línea (439 páginas) _c; |
||
| 336 |
_2rdacontent _atexto _btxt |
||
| 337 |
_2rdamedia _ainformático _bc |
||
| 338 |
_2rdacarrier _aremoto _bcr |
||
| 347 |
_2rda _afichero de texto _bHtml |
||
| 504 | _aBibliografía Selecta En Español | ||
| 505 | _aNaturaleza De La Revelación. -- La Transmisión De La Revelación. -- Nociones Fundamentales Sobre La Escritura. -- La Canonicidad. -- La Inspiración De Las Escrituras. -- La Verdad Y La Fuerza De La Escritura. -- La Interpretación De La Biblia. -- Unidad Y Contenido De La Sagrada Escritura. -- La Sagrada Escritura En La Vida De La Iglesia | ||
| 516 | _a texto electrónico | ||
| 538 | _aAcceso a Internet; requiere usuario y clave asignada por la biblioteca | ||
| 650 | 0 |
_aBiblia _916 |
|
| 856 | 4 | 0 |
_uhttp://site.ebrary.com/lib/unisbcsp/Doc?id=10357347 _b10357347 _zAbrir Versión electrónica del libro |
| 942 | _cBK | ||
| 945 | _aJTF-925 | ||